000 00516nam a2200169Ia 4500
003 GCL
008 140319s9999 xx 000 0 ara d
040 _aGCL /
_cGCL
082 0 4 _a813.03
_bن ج
100 1 _aنبيل سليمان طبوشة
245 1 0 _aجرمانى: او ملف البلاد التى سوف تعيش بعد الحرب /
_cنبيل سليمان طبوشة
490 _a
650 0 4 _aالادب العربى
650 0 4 _aالقصص العربية
650 0 4 _aالقصص
942 _2ddc
_cBK
999 _c38367
_d38367